Die angesehensten Berufe Deutschlands im Jahr 2024 - Statistiken

Allgemein
  • Dieses Quiz wurde 419 mal gespielt
  • Das Durchschnittsergebnis liegt bei 5 aus 10
Antwortstatistiken
Anteil der Befragten, die mindestens ein hohes Ansehen zuordneten Beruf % Korrekt
86% Arzt/Ärztin
94%
81% Polizist*in
78%
94% Feuerwehrmann/Feuerwehrfrau
70%
66% Lehrer*in
69%
70% Richter*in
45%
90% Krankenpfleger*in
30%
86% Altenpfleger*in
28%
78% Erzieher*in
27%
70% Müllmann/Müllfrau
19%
67% Techniker*in
5%
Keine übereinstimmenden Quizze gefunden
Verteilung der Resultate
Anzahl Personen mit jedem Resultat
Perzentil nach korrekt beantworteten Fragen
Ihre Resultats-Entwicklung
Sie haben dieses Quiz noch nicht gespielt